| 000 | 005620000a22002050004500 | ||
|---|---|---|---|
| 999 |
_c48706 _d48706 |
||
| 001 | 1546 | ||
| 003 | CO-MdFUSB | ||
| 005 | 20171115182059.0 | ||
| 008 | 171115b xxu||||| |||| 00| 0 eng d | ||
| 020 | _a978-968-16-4543-4 | ||
| 040 | _cCO-MdBIC | ||
| 082 | 0 | 4 | _a863N M363m |
| 100 | 1 | _aMartin, Ann M. | |
| 245 | 1 | 0 | _aMa y Pa Drácula / Ann M. Martin ; ilustrado por Antonio Helguera ; traducción de Mónica Mansur |
| 250 | _a2a ed. | ||
| 260 | _aMéxico : Fondo de Cultura Económica | ||
| 300 | _a120 P. | ||
| 650 | 1 | 4 | _aLiteratura Infanil |
| 942 | _cLGB | ||